| 000 | 00547nam a22001937a 4500 | ||
|---|---|---|---|
| 003 | OSt | ||
| 005 | 20231027112953.0 | ||
| 008 | 231027b |||||||| |||| 00| 0 eng d | ||
| 020 | _a0131006819 | ||
| 040 | _cChuka University Library | ||
| 050 |
_aTK 5105 _b.S73 2004 |
||
| 100 |
_aStallings, William. _93310 |
||
| 245 | _aData and computer communications | ||
| 250 | _a7th ed | ||
| 260 |
_aUpper Saddle River _bPearson Education _c2004 |
||
| 300 |
_a847p. _bIllustrated |
||
| 650 |
_aData & computer communications _913097 |
||
| 942 |
_2lcc _cBK _n0 |
||
| 999 |
_c15646 _d15646 |
||